[Event "Nova Gorica op 28th"]
[Site "Nova Gorica"]
[Date "2024.01.31"]
[Round "7"]
[White "Djuric, Stefan"]
[Black "Centrih, Aleks"]
[Result "1-0"]
[WhiteElo "2220"]
[BlackElo "2082"]
[PlyCount "91"]
[EventDate "2024.01.26"]
[EventType "swiss"]
[EventRounds "9"]
[EventCountry "SLO"]
[SourceTitle "CB06_2024"]
[SourceDate "2024.02.07"]
[SourceVersion "1"]
[SourceVersionDate "2024.02.07"]
[SourceQuality "1"]

1. d4 d5 2. Nf3 Nf6 3. Bf4 c5 4. e3 Nc6 5. c3 Qb6 6. Qc1 Bf5 7. Be2 e6 8. 0-0 Be7 9. Nbd2 h6 10. dxc5 Bxc5 11. Nd4 Bxd4 12. exd4 0-0 13. h3 Rac8 14. Nf3 Qd8 15. Qe3 Ne4 16. Ne5 Nxe5 17. dxe5 Nc5 18. Rad1 Qb6 19. Rd2 Ne4 20. Qxb6 axb6 21. Rd4 Nc5 22. Rfd1 Ra8 23. a3 Ra4 24. Be3 Rfa8 25. Rb4 Rxb4 26. cxb4 Nd7 27. f4 Rc8 28. Bb5 Nb8 29. Rd2 Nc6 30. Bxb6 g5 31. Be3 gxf4 32. Bxf4 Kh7 33. Bf1 Be4 34. Kf2 Ne7 35. Be3 Nf5 36. Bc5 h5 37. a4 Rg8 38. a5 Rg3 39. b5 Rg8 40. a6 bxa6 41. bxa6 Ng3 42. b4 d4 43. Rxd4 Bd5 44. Bd3+ Kh6 45. Rxd5 exd5 46. Be3+ 1-0

[Event "Wch Seniors 65 31st"]
[Site "Terassini"]
[Date "2023.11.02"]
[Round "8"]
[White "Djuric, Stefan"]
[Black "Smolin, Sergey"]
[Result "1/2-1/2"]
[WhiteElo "2223"]
[BlackElo "2023"]
[PlyCount "118"]
[EventDate "2023.10.25"]
[EventType "swiss"]
[EventRounds "11"]
[EventCountry "ITA"]
[SourceTitle "Mega2024 Update 01"]
[Source "Chessbase"]
[SourceDate "2023.11.12"]
[SourceVersion "1"]
[SourceVersionDate "2023.11.12"]
[SourceQuality "1"]

1. d4 g6 2. e4 Bg7 3. Nf3 d6 4. Bc4 a6 5. 0-0 e6 6. Re1 Ne7 7. c3 h6 8. Nbd2 Nd7 9. a4 b6 10. Nf1 Bb7 11. Ng3 d5 12. exd5 Nxd5 13. Qe2 0-0 14. Bd2 c5 15. Rac1 Qc7 16. Ne5 Nxe5 17. dxe5 Qc6 18. Qe4 Ne7 19. Bf1 Qd7 20. Qc2 Rfd8 21. Rcd1 Qc7 22. f4 Rd7 23. Bc1 Rad8 24. Rxd7 Qxd7 25. Ne4 Bxe4 26. Qxe4 b5 27. axb5 axb5 28. Be3 c4 29. Ra1 Nd5 30. Bf2 Bf8 31. g3 Qc6 32. Qd4 Ra8 33. Rxa8 Qxa8 34. Qa7 Qc6 35. h4 h5 36. Bg2 Kg7 37. Bf3 Qc8 38. Bd4 Qc6 39. Kf2 Kg8 40. Qb8 Kg7 41. Qa7 Kg8 42. Ke2 b4 43. f5 bxc3 44. fxg6 fxg6 45. bxc3 Qb5 46. Qa2 Ne7 47. Be4 Nf5 48. Kf3 Kf7 49. Qb1 Qa5 50. Kg2 Bc5 51. Bxf5 gxf5 52. Qb7+ Be7 53. Qf3 Qd5 54. Kf2 Qxf3+ 55. Kxf3 Kg6 56. Bb6 Ba3 57. Ke3 Bc1+ 58. Kf3 Bd2 59. Bd4 Be1 1/2-1/2

[Event "Bucharest Grand Prix"]
[Site "Bucharest"]
[Date "2023.04.30"]
[Round "6"]
[White "Grigoriants, Sergey"]
[Black "Djuric, Stefan"]
[Result "1-0"]
[WhiteElo "2557"]
[BlackElo "2239"]
[PlyCount "92"]
[EventDate "2023.04.29"]
[EventType "swiss (rapid)"]
[EventRounds "10"]
[EventCountry "ROU"]
[SourceTitle "CBM 213 Extra"]
[Source "ChessBase"]
[SourceDate "2023.05.31"]
[SourceVersion "1"]
[SourceVersionDate "2023.05.31"]
[SourceQuality "1"]

1. e4 e5 2. Nf3 Nc6 3. Bb5 a6 4. Ba4 Nf6 5. 0-0 Be7 6. d3 b5 7. Bb3 d6 8. a4 Bg4 9. c3 0-0 10. h3 Bd7 11. Re1 Na5 12. Bc2 c5 13. Nbd2 Qc7 14. Nf1 h6 15. Ng3 b4 16. cxb4 cxb4 17. d4 Rfc8 18. Bd3 Be6 19. d5 Bd7 20. Nh4 Nb7 21. Nhf5 Bf8 22. Qf3 Qd8 23. Bf1 a5 24. b3 Rc3 25. Re3 Rac8 26. Bd2 Rc2 27. Re2 Kh7 28. Ne3 R2c7 29. Ree1 Nc5 30. Nc4 Rb7 31. Rab1 Kg8 32. Nf5 Bxf5 33. Qxf5 g6 34. Qf3 Bg7 35. g3 Qc7 36. Rbc1 Qd8 37. h4 Kh7 38. Bh3 Ra8 39. Rc2 Qe7 40. Bg2 Rbb8 41. Bh3 Ra7 42. g4 Nfd7 43. g5 Nb6 44. Be3 Nbd7 45. Bxd7 Qxd7 46. Nxd6 Qxd6 1-0

[Event "Nova Gorica op 27th"]
[Site "Nova Gorica"]
[Date "2023.03.18"]
[Round "3"]
[White "Djuric, Stefan"]
[Black "Brunello, Sabino"]
[Result "0-1"]
[WhiteElo "2256"]
[BlackElo "2512"]
[PlyCount "124"]
[EventDate "2023.03.16"]
[EventType "swiss"]
[EventRounds "9"]
[EventCountry "SLO"]
[SourceTitle "CBM 213 Extra"]
[Source "ChessBase"]
[SourceDate "2023.05.31"]
[SourceVersion "1"]
[SourceVersionDate "2023.05.31"]
[SourceQuality "1"]

1. e4 c5 2. c3 d5 3. exd5 Qxd5 4. Nf3 g6 5. Bb5+ Bd7 6. Bxd7+ Nxd7 7. 0-0 Bg7 8. d4 Ngf6 9. Re1 e6 10. Be3 cxd4 11. cxd4 Qb5 12. Qd2 Nd5 13. Bh6 0-0 14. Nc3 Nxc3 15. bxc3 Rfc8 16. Bxg7 Kxg7 17. Rab1 Qd5 18. h4 Rc7 19. a4 Rac8 20. Rb5 Qc4 21. h5 Qxa4 22. h6+ Kg8 23. Reb1 b6 24. Ng5 Qa3 25. Qf4 Qe7 26. Ne4 Rc6 27. Re1 a6 28. Rbb1 e5 29. Qd2 f5 30. d5 Rc4 31. d6 Qh4 32. g3 Qh5 33. Ng5 R8c5 34. Ne6 Ra5 35. Rb4 Rc6 36. Kg2 f4 37. Rxf4 exf4 38. Nxf4 Qc5 39. Re8+ Kf7 40. Re7+ Kf6 41. Rxd7 g5 42. c4 Qxc4 43. Nh5+ Kg6 44. Rg7+ Kxh6 45. d7 Qd5+ 46. Qxd5 Rxd5 47. g4 Rd4 48. Kh3 Rc3+ 49. Kh2 Rcd3 50. Re7 Rxg4 51. Nf6 Rh4+ 52. Kg2 Kg6 53. Re6 Kf7 54. Rxb6 a5 55. Ra6 a4 56. f3 Ke7 57. Ne4 a3 58. Nxg5 Rc4 59. Ra7 Rc2+ 60. Kg3 a2 61. Nxh7 Rxd7 62. Ra8 Rd1 0-1

[Event "EU-ch 23rd"]
[Site "Vrnjacka Banja"]
[Date "2023.03.03"]
[Round "1"]
[White "Gumularz, Szymon"]
[Black "Djuric, Stefan"]
[Result "1-0"]
[WhiteElo "2558"]
[BlackElo "2256"]
[PlyCount "45"]
[EventDate "2023.03.03"]
[EventType "swiss"]
[EventRounds "11"]
[EventCountry "SRB"]
[SourceTitle "CBM 213"]
[Source "ChessBase"]
[SourceDate "2023.04.30"]
[SourceVersion "1"]
[SourceVersionDate "2023.04.30"]
[SourceQuality "1"]

1. c4 g6 2. Nf3 Bg7 3. d4 Nf6 4. g3 c5 5. Bg2 Qa5+ 6. Nc3 Ne4 7. Qd3 Nxc3 8. Bd2 0-0 9. Bxc3 Qc7 10. d5 d6 11. Bxg7 Kxg7 12. Qc3+ Kg8 13. h4 h5 14. Ng5 Nd7 15. g4 hxg4 16. h5 Nf6 17. hxg6 fxg6 18. Be4 e5 19. dxe6 d5 20. Bxd5 Qe7 21. Rh6 Qg7 22. e7+ Nxd5 23. Rh8+ 1-0

[Event "Belgrade Radnicki IM 01"]
[Site "Belgrade"]
[Date "2023.01.28"]
[Round "4"]
[White "Petrovic, Aleksa"]
[Black "Djuric, Stefan"]
[Result "1-0"]
[WhiteElo "2263"]
[BlackElo "2268"]
[PlyCount "39"]
[EventDate "2023.01.25"]
[EventType "tourn"]
[EventRounds "9"]
[EventCountry "SRB"]
[SourceTitle "CBM 212 Extra"]
[Source "ChessBase"]
[SourceDate "2023.03.31"]
[SourceVersion "1"]
[SourceVersionDate "2023.03.31"]
[SourceQuality "1"]

1. c4 c5 2. Nc3 g6 3. g3 Bg7 4. Bg2 Nf6 5. e4 0-0 6. Nge2 d6 7. 0-0 Nbd7 8. d4 a6 9. a4 cxd4 10. Nxd4 Ne5 11. Qe2 Qb6 12. Rd1 Qb4 13. Bf1 Bg4 14. f3 Bd7 15. Bd2 Rae8 16. Be1 Qc5 17. Kh1 Qc8 18. g4 Nfxg4 19. fxg4 Bxg4 20. Qf2 1-0

[Event "Belgrade Trifunovic Memorial"]
[Site "Belgrade"]
[Date "2022.12.24"]
[Round "5"]
[White "Djuric, Stefan"]
[Black "Velickovic, Sasa"]
[Result "1-0"]
[WhiteElo "2268"]
[BlackElo "2230"]
[PlyCount "85"]
[EventDate "2022.12.24"]
[EventType "swiss (rapid)"]
[EventRounds "9"]
[EventCountry "SRB"]
[SourceTitle "EXT 2024"]
[Source "ChessBase"]
[SourceDate "2023.10.10"]
[SourceVersion "1"]
[SourceVersionDate "2023.10.10"]
[SourceQuality "1"]

1. Nf3 c5 2. c4 g6 3. e3 Bg7 4. d4 Nf6 5. Nc3 0-0 6. Be2 d6 7. 0-0 Na6 8. e4 cxd4 9. Nxd4 Nc5 10. Bf3 Nfd7 11. Nd5 Ne5 12. Bg5 f6 13. Be3 Nxc4 14. Bc1 Ne5 15. Nc3 Kh8 16. Be2 Nc6 17. Nc2 f5 18. exf5 Bxf5 19. Ne3 Be6 20. Re1 Qd7 21. Bf1 Rae8 22. Bd2 a6 23. Rc1 Ne5 24. Ncd5 Bxd5 25. Nxd5 Ned3 26. b4 Nxf2 27. Qc2 Na4 28. h3 e6 29. Qc7 Rd8 30. Qxd7 Rxd7 31. Rxe6 Nb2 32. Be3 Nfd3 33. Rc2 Rdf7 34. Be2 Rf5 35. Ne7 Re5 36. Rxe5 Bxe5 37. Rc7 Nxb4 38. Rxb7 Nc2 39. Bh6 Re8 40. Nc6 Bc3 41. Bxa6 Nd4 42. Bg7+ Kg8 43. Bxd4 1-0

[Event "Ustron op-A"]
[Site "Ustron"]
[Date "2022.08.16"]
[Round "5"]
[White "Djuric, Stefan"]
[Black "Tymrakiewicz, Rafal"]
[Result "1-0"]
[WhiteElo "2260"]
[BlackElo "2214"]
[PlyCount "56"]
[EventDate "2022.08.12"]
[EventType "swiss"]
[EventRounds "9"]
[EventCountry "POL"]
[SourceTitle "CBM 210 Extra"]
[Source "ChessBase"]
[SourceDate "2022.11.30"]
[SourceVersion "1"]
[SourceVersionDate "2022.11.30"]
[SourceQuality "1"]

1. e4 c6 2. c4 d5 3. exd5 cxd5 4. cxd5 Nf6 5. Nc3 g6 6. Nf3 Bg7 7. Bc4 0-0 8. 0-0 Na6 9. Re1 Bf5 10. Bxa6 bxa6 11. Ne5 Qd6 12. Nc4 Qc7 13. d3 Rfd8 14. Qf3 Bg4 15. Qf4 Qxf4 16. Bxf4 Nxd5 17. Nxd5 Rxd5 18. Rxe7 Be6 19. Rd1 Rad8 20. b3 Bd4 21. Be3 Kf8 22. Rc7 Bxe3 23. Nxe3 Ra5 24. Rd2 Bf5 25. d4 Bb1 26. a4 Be4 27. f3 Bd5 28. Rc5 Rxc5 1-0